| 000 | 01362nam0a22003131 4500 | ||
|---|---|---|---|
| 001 | RU\NLR\A1SV\61161 | ||
| 005 | 20251203171251.9 | ||
| 035 | _a(NLR Aleph) 009743099 | ||
| 090 |
_a9951094 _c9951094 |
||
| 100 | _a20041002d1918 u y0rusy50 ca | ||
| 101 | 0 | _arus | |
| 102 | _aRU | ||
| 200 | 1 |
_a2-е общеделегатское собрание Калужской общегородской больничной кассы 23-26 августа 1918 года _e[Отчет, докл. и др. материалы] _fКалуж. общегор. больнич. касса |
|
| 210 |
_aКалуга _d1918 |
||
| 215 |
_a88 с. _d25 см |
||
| 517 | 1 | _aВторое общеделегатское собрание Калужской общегородской больничной кассы 23-26 августа 1918 года | |
| 517 | 9 | _aВторое общеделегатское собрание Калужской общегородской больничной кассы 23-26 августа 1918 года | |
| 620 | _dКалуга | ||
| 710 | 0 | 1 | _aКалужская общегородская больничная касса |
| 801 | 0 |
_aRU _bNLR _c20041002 |
|
| 899 |
_aРНБ _j37.60.6.222 |
||
| 899 | _aГПИБ | ||
| 899 | _aРКП | ||
| 899 | _aРГБ | ||
| 942 | _cBOOK | ||
| 980 | _aNB | ||
| 980 | _aA1SV | ||
| 980 | _aA1SV | ||